[Event "Pan American-ch School U15 12th"]
[Site "Callao"]
[Date "2023.10.18"]
[Round "5"]
[White "Puma Puchoc, Alejandro Apolinar"]
[Black "Vega Castillo, Luis Angel Juniur"]
[Result "0-1"]
[WhiteElo "1225"]
[BlackElo "1414"]
[PlyCount "38"]
[EventDate "2023.10.16"]
[EventType "swiss"]
[EventRounds "9"]
[EventCountry "PER"]
[SourceTitle "Mega2024 Update 01"]
[Source "Chessbase"]
[SourceDate "2023.11.12"]
[SourceVersion "1"]
[SourceVersionDate "2023.11.12"]
[SourceQuality "1"]

1. d4 d5 2. Nf3 Nf6 3. e3 Bf5 4. Bd3 Bg6 5. Bxg6 hxg6 6. c3 e6 7. Nbd2 c5 8. Qe2 Nc6 9. 0-0 Qc7 10. h3 Rd8 11. dxc5 Bxc5 12. e4 Bb6 13. exd5 Rxd5 14. Ne4 Rdh5 15. Nxf6+ gxf6 16. Qe4 Rxh3 17. gxh3 Qg3+ 18. Kh1 Qxh3+ 19. Nh2 Qxh2# 0-1

[Event "South America-ch 1st"]
[Site "Lima"]
[Date "2023.09.19"]
[Round "6"]
[White "Vega Castillo, Luis Angel Juniur"]
[Black "Sanchez Sanchez, Leonardo Daniel"]
[Result "0-1"]
[WhiteElo "1460"]
[BlackElo "1233"]
[PlyCount "80"]
[EventDate "2023.09.14"]
[EventType "swiss"]
[EventRounds "9"]
[EventCountry "PER"]
[SourceTitle "EXT 2024"]
[Source "ChessBase"]
[SourceDate "2023.10.10"]
[SourceVersion "1"]
[SourceVersionDate "2023.10.10"]
[SourceQuality "1"]

1. e4 c6 2. d4 d5 3. Nc3 dxe4 4. Nxe4 Nf6 5. Nxf6+ exf6 6. Bf4 Bd6 7. Qd2 0-0 8. 0-0-0 Be6 9. Kb1 Na6 10. Ne2 Bb4 11. c3 Bd6 12. Bxd6 Qxd6 13. Nf4 b5 14. Bd3 Nc7 15. Rhe1 g6 16. Nh5 Bg4 17. f3 Bxh5 18. g4 Bxg4 19. fxg4 Nd5 20. h4 Qf4 21. Qe2 Rfe8 22. Qxe8+ Rxe8 23. Rxe8+ Kg7 24. Re4 Qf3 25. Bc2 Ne3 26. Re1 Nxc2 27. Kxc2 Qf2+ 28. Kb3 Qxh4 29. a4 Qg5 30. axb5 Qxb5+ 31. Kc2 f5 32. gxf5 Qxf5 33. c4 h5 34. Kc3 g5 35. Re5 Qg6 36. Ra5 g4 37. Ree5 Kh6 38. Rxa7 g3 39. Ra1 g2 40. Rg1 Qg3+ 0-1